|
|
|
|
| LEADER |
00000nam0a2200000 4500 |
| 001 |
142466 |
| 005 |
20231101220952.0 |
| 035 |
|
|
|a (RuTPU)RU\TPU\book\154392
|
| 090 |
|
|
|a 142466
|
| 100 |
|
|
|a 20080906d1981 km y0rusy50 ca
|
| 101 |
0 |
|
|a rus
|
| 102 |
|
|
|a RU
|
| 105 |
|
|
|a a z 001zy
|
| 200 |
1 |
|
|a Методы морфометрии кристаллов
|f А. И. Глазов
|
| 210 |
|
|
|a Ленинград
|c Недра
|d 1981
|
| 215 |
|
|
|a 147 с.
|c ил.
|
| 320 |
|
|
|a Библиогр.: с. 144-145 (59 назв.)
|
| 606 |
1 |
|
|a Кристаллография геометрическая
|2 stltpush
|3 (RuTPU)RU\TPU\subj\16328
|9 42435
|
| 610 |
1 |
|
|a кристаллография
|
| 610 |
1 |
|
|a кристаллы
|
| 610 |
1 |
|
|a методы измерения
|
| 675 |
|
|
|a 548.1
|v 3
|
| 700 |
|
1 |
|a Глазов
|b А. И.
|g Алексей Иванович
|
| 801 |
|
1 |
|a RU
|b 63413507
|c 20080906
|g PSBO
|
| 801 |
|
2 |
|a RU
|b 63413507
|c 20200814
|g PSBO
|
| 942 |
|
|
|c BK
|